[Event "New Zealand Rapid Championship"]
[Site "Palmerston North"]
[Date "2024.01.11"]
[Round "4.1"]
[White "Steadman, Michael V R"]
[Black "Jones, Gawain C B"]
[Result "0-1"]
[WhiteElo "2045"]
[BlackElo "2630"]

1. d4 d5 2. Bf4 e6 3. e3 Bd6 4. Nf3 b6 5. Bd3 Bxf4 6. exf4 Ba6 7. c3 Bxd3 8.
Qxd3 Ne7 9. Nbd2 c5 10. Ne5 O-O 11. O-O cxd4 12. cxd4 Qd6 13. g3 Nbc6 14. a3
Rac8 15. Rac1 Rc7 16. Rc3 Nxe5 17. fxe5 Rxc3 18. Qxc3 Qd7 19. Nb3 a5 20. Qd3
Rc8 21. Rc1 a4 22. Rxc8+ Qxc8 23. Nd2 Qc1+ 24. Nf1 Qxb2 25. Qa6 g6 26. Qxa4 Nf5
27. Ne3 Qc1+ 28. Nf1 Qc3 29. Qe8+ Kg7 30. Qd8 Qxa3 31. Qxb6 h5 32. Kg2 Qd3 33.
Ne3 Qe4+ 34. Kh3 Nxd4 0-1

[Event "New Zealand Rapid Championship"]
[Site "Palmerston North"]
[Date "2024.01.11"]
[Round "4.2"]
[White "Ker, Anthony F"]
[Black "Fulo, Nunilon III"]
[Result "1-0"]
[WhiteElo "2250"]
[BlackElo "1992"]

1. e4 e5 2. d4 exd4 3. Nf3 Nc6 4. Bc4 Nf6 5. e5 d5 6. Bb5 Ne4 7. Nxd4 Bc5 8.
Be3 O-O 9. Nxc6 bxc6 10. Bxc5 Nxc5 11. Bxc6 Rb8 12. O-O Be6 13. Nc3 Qe7 14. f4
Rb6 15. Bxd5 Rd8 16. Qf3 Rxb2 17. Rad1 Bf5 18. Rf2 Rxc2 19. g4 Rxf2 20. Kxf2
Be6 21. Kg3 h5 22. h3 h4+ 23. Kg2 Rb8 24. Rd2 Qd7 25. f5 Bxd5 26. Nxd5 Qa4 27.
Ne7+ Kf8 28. Nc6 Ne4 29. Nxb8 Nxd2 30. Qd5 Qe4+ 31. Qxe4 Nxe4 32. Nc6 a6 33.
Kf3 Nc3 34. a3 Ke8 35. g5 Nb5 36. a4 Nc3 37. a5 Na4 38. Kg4 Nc5 39. Kxh4 Kd7
40. Nb4 Nb7 41. Nxa6 Nxa5 42. e6+ fxe6 43. Nc5+ Ke7 44. Nxe6 g6 45. Nxc7 gxf5
46. Nd5+ Kf7 47. Kh5 Kg7 48. g6 Nc6 49. Kg5 Ne5 50. Nf4 Nf3+ 51. Kxf5 Nh4+ 52.
Kg5 Nf3+ 53. Kg4 Ne5+ 54. Kf5 Nf3 55. Ne6+ Kg8 56. Kf6 Nh4 57. Nd4 Kh8 58. Nf5
Nf3 59. Ne7 1-0

[Event "New Zealand Rapid Championship"]
[Site "Palmerston North"]
[Date "2024.01.11"]
[Round "4.3"]
[White "Lee, Miles"]
[Black "Dive, Russell J"]
[Result "0-1"]
[WhiteElo "1938"]
[BlackElo "2236"]

1. e4 Nf6 2. e5 Nd5 3. d4 d6 4. c4 Nb6 5. f4 dxe5 6. fxe5 Nc6 7. Be3 Bf5 8. Nc3
e6 9. Be2 Be7 10. Nf3 O-O 11. O-O h6 12. Rc1 Bh7 13. Kh1 f6 14. c5 Nd5 15. Nxd5
exd5 16. Bb5 Nb4 17. a3 a6 18. Be2 Nc6 19. Bd3 fxe5 20. Bxh7+ Kxh7 21. dxe5 Qd7
22. Qd3+ Kh8 23. Rcd1 Rad8 24. b4 Qf5 25. Qxf5 Rxf5 26. Nd4 Nxd4 27. Bxd4 Rdf8
28. Rxf5 Rxf5 29. c6 bxc6 30. Kg1 Rf4 31. g3 Re4 32. Kf2 Kg8 33. Bb2 Kf7 34.
Rc1 c5 35. bxc5 Ke6 36. Kf3 c6 37. h3 a5 38. Rc2 a4 39. Rc1 g6 40. Rc2 h5 41.
g4 Rc4 42. Rxc4 dxc4 43. Ke4 Bxc5 44. gxh5 gxh5 45. Bc1 Bf2 46. Bh6 Be1 47. Bg7
Bc3 48. Bh8 Bb2 49. Bg7 Bxa3 50. Kd4 Bb2+ 51. Kxc4 Bxe5 52. Bh6 Bd6 53. Bc1 Kf5
54. Bd2 Ke4 55. Bg5 Kf3 56. Bf6 Kg3 57. h4 Kg4 58. Bd8 Bg3 59. Kb4 Bxh4 60. Bc7
Bg3 61. Bd8 h4 62. Bxh4 Bxh4 63. Kxa4 Bf2 64. Kb4 Kf4 65. Kc4 Ke4 66. Kc3 Kd5
67. Kd3 c5 68. Ke2 Bd4 69. Kd3 c4+ 70. Kc2 Kc5 71. Kd2 Kb4 72. Kc2 Be5 73. Kc1
Kc3 74. Kb1 Kd2 75. Ka2 c3 76. Kb3 c2 77. Ka2 c1=Q 78. Kb3 Qc5 79. Ka4 Bc3 80.
Kb3 Qb4+ 81. Ka2 Qb2# 0-1

[Event "New Zealand Rapid Championship"]
[Site "Palmerston North"]
[Date "2024.01.11"]
[Round "4.4"]
[White "Croad, Nicolas"]
[Black "Gan, Emily Cathay"]
[Result "1-0"]
[WhiteElo "2187"]
[BlackElo "1521"]

1. d4 Nf6 2. c4 g6 3. Nc3 Bg7 4. e4 d6 5. h3 O-O 6. Nf3 e5 7. d5 a5 8. Bg5 Na6
9. Nd2 Nc5 10. Be2 Rb8 11. a3 Bd7 12. b4 axb4 13. axb4 Na6 14. Qb3 h6 15. Be3
Ne8 16. c5 Ra8 17. c6 Bc8 18. b5 Nc5 19. Rxa8 Nxb3 20. cxb7 Bxb7 21. Rxd8 Nxd2
22. Kxd2 1-0

[Event "New Zealand Rapid Championship"]
[Site "Palmerston North"]
[Date "2024.01.11"]
[Round "4.5"]
[White "Langford, Joshua"]
[Black "Hart, Ralph"]
[Result "0-1"]
[WhiteElo "1806"]
[BlackElo "2154"]

1. e4 Nc6 2. d4 e5 3. Nf3 exd4 4. Bc4 Nf6 5. e5 d5 6. Bb5 Nd7 7. O-O Be7 8. Re1
O-O 9. Bxc6 bxc6 10. Nxd4 Nb8 11. c4 c5 12. Nb5 c6 13. N5c3 Be6 14. Bf4 Qd7 15.
Nd2 Na6 16. Nf3 d4 17. Ne4 Bxc4 18. Nd6 Bd5 19. h4 f6 20. Ne4 Qf5 21. exf6 gxf6
22. Ng3 Qxf4 23. Rxe7 Rfe8 24. Rg7+ Kh8 25. Qd3 Qh6 26. Nf5 Nb4 27. Qd1 Qf4 28.
Rxh7+ Kxh7 29. Ng5+ Kg6 30. g4 fxg5 0-1

[Event "New Zealand Rapid Championship"]
[Site "Palmerston North"]
[Date "2024.01.11"]
[Round "4.6"]
[White "Zhang, Kendrick Botong"]
[Black "McConnell, Jack"]
[Result "1-0"]
[WhiteElo "1808"]
[BlackElo "1550"]

1. e4 c5 2. Ne2 Nc6 3. d4 cxd4 4. Nxd4 e6 5. Nc3 Qc7 6. Be3 a6 7. Qd2 Nf6 8.
O-O-O Bb4 9. f3 Ne5 10. Nb3 b5 11. Qe1 Be7 12. Qf2 Rb8 13. Kb1 O-O 14. g4 Nc4
15. Bxc4 bxc4 16. Nc1 Ba3 17. Na4 Qa5 18. Nb6 Qb4 19. c3 Qb5 20. Ka1 Be7 21. g5
Ne8 22. Nxc8 Rxc8 23. Ne2 e5 24. Ng3 g6 25. Rd5 Qb8 26. Rxd7 Rc7 27. Rxc7 Nxc7
28. h4 Ne6 29. Qh2 Rd8 30. h5 Nf8 31. hxg6 fxg6 32. Qf2 Rd3 33. f4 exf4 34.
Bxf4 Qd8 35. Ne2 Bxg5 36. Nd4 Bxf4 37. Qxf4 Ne6 38. Qh2 Qd7 39. Qb8+ Qd8 40.
Qb7 Qc7 41. Qa8+ Qd8 42. Qxa6 Nxd4 43. Qxc4+ Ne6 44. Qxe6+ Kg7 45. Qe5+ Kg8 46.
Qe6+ Kg7 47. a3 Rd6 48. Qe5+ Kg8 49. Rf1 Rd1+ 50. Rxd1 Qxd1+ 51. Ka2 Qf1 52.
Qd5+ Kg7 53. a4 h5 54. Qe5+ Kh6 55. a5 Qc4+ 56. Ka3 Qf1 57. b4 Qa1+ 58. Kb3
Qb1+ 59. Kc4 Qf1+ 60. Kc5 Qg1+ 1-0

[Event "New Zealand Rapid Championship"]
[Site "Palmerston North"]
[Date "2024.01.11"]
[Round "4.7"]
[White "Ning, Isabelle Yixuan"]
[Black "Winsley, Nicholas"]
[Result "0-1"]
[WhiteElo "1617"]
[BlackElo "1899"]

1. d4 Nf6 2. c4 e6 3. Nc3 Bb4 4. Bd2 d5 5. e3 O-O 6. Nf3 b6 7. Bd3 Ba6 8. Qe2
Nbd7 9. O-O Rc8 10. a3 Be7 11. cxd5 Bxd3 12. Qxd3 exd5 13. Rac1 c5 14. Rfd1 c4
15. Qf5 Nb8 16. Ng5 h6 17. Nh3 Rc7 18. Nf4 Rd7 19. f3 Nc6 20. Be1 Bd6 21. Nh5
Nxh5 22. Qxh5 Bb8 23. Bh4 f6 24. Qg4 Qe8 25. Kh1 f5 26. Qh3 Qxe3 27. Re1 Qxd4
28. Rcd1 Qc5 29. f4 d4 30. Qf3 Bd6 31. Bf2 Be7 32. Re6 Rf6 33. Ree1 Rfd6 34.
Ne2 Bf6 35. Ng3 Qd5 36. Qh5 Ne7 37. Qe8+ Kh7 38. Nh5 Ng8 39. Nxf6+ Nxf6 40. Qe5
d3 41. h3 Ne4 42. Bh4 Qxe5 43. fxe5 Re6 44. g4 Rxe5 45. gxf5 d2 46. Rf1 c3 47.
bxc3 Nxc3 48. f6 gxf6 49. Bxf6 Nxd1 50. Bxe5 Ne3 51. Rg1 d1=Q 0-1

[Event "New Zealand Rapid Championship"]
[Site "Palmerston North"]
[Date "2024.01.11"]
[Round "4.8"]
[White "Zhu, David Junyang"]
[Black "Van der Hoorn, Thomas"]
[Result "1/2-1/2"]
[WhiteElo "1602"]
[BlackElo "1825"]

1. e4 c5 2. Nf3 Nc6 3. d4 cxd4 4. Nxd4 e5 5. Nb5 d6 6. N1c3 a6 7. Na3 Be7 8.
Be2 Nf6 9. Bg5 Be6 10. Bxf6 Bxf6 11. Nd5 Bxd5 12. exd5 Ne7 13. c3 O-O 14. O-O
b5 15. Nc2 Bg5 16. a4 Rb8 17. axb5 axb5 18. Nb4 Qd7 19. Ra6 Rfc8 20. Qd3 Rc5
21. Rfa1 g6 22. Ra7 Rb7 23. Rxb7 Qxb7 24. Ra5 Nxd5 25. Nxd5 Qxd5 26. Qxd5 Rxd5
27. Rxb5 Rd2 28. Bf3 e4 29. Rxg5 exf3 30. gxf3 Rxb2 31. Rd5 Rc2 32. Rxd6 Rxc3
33. Kg2 Kg7 34. Kg3 Rc4 35. f4 h5 36. Rb6 Rc3+ 37. f3 Rc1 38. Rd6 Rg1+ 39. Kf2
Rh1 40. Kg2 Rb1 41. Kg3 Rb2 42. h4 Rb5 43. Rc6 Rb8 44. f5 gxf5 45. Kf4 Rb5 46.
Kg5 f4+ 47. Kxf4 f6 48. Rc4 Kg6 49. Re4 Rf5+ 50. Kg3 Rb5 51. Rf4 1/2-1/2

[Event "New Zealand Rapid Championship"]
[Site "Palmerston North"]
[Date "2024.01.11"]
[Round "4.9"]
[White "Loke, Kayden"]
[Black "Baker, Ilias Angelo (Leo)"]
[Result "1-0"]
[WhiteElo "1729"]
[BlackElo "1530"]

1. d4 g6 2. Nf3 Bg7 3. c3 Nf6 4. Bg5 Ne4 5. Bh4 d5 6. e3 O-O 7. Nbd2 Bf5 8.
Nxe4 Bxe4 9. Bd3 Bxd3 10. Qxd3 Nd7 11. O-O-O Nf6 12. Bxf6 Bxf6 13. h4 Qd6 14.
h5 Kg7 15. g4 e6 16. Rh3 c5 17. Rdh1 Rh8 18. Qf1 cxd4 19. Nxd4 Bxd4 20. cxd4
Rac8+ 21. Kb1 e5 22. hxg6 Qxg6+ 23. Ka1 exd4 24. exd4 Qe4 25. Qd1 Rc2 26. f3
Qe2 27. Qxe2 Rxe2 28. Rh5 Rf2 29. Rxd5 Rxf3 30. Rd7 Rf4 31. Rg1 a5 32. a3 b5
33. d5 Rd4 34. Rf1 Rf8 35. d6 Kg6 36. Ka2 a4 37. Rf5 b4 38. axb4 Rxb4 39. Rd5
Rfb8 40. Rd2 R4b6 41. Ra7 Rd8 42. d7 Rb4 43. Rc7 Kf6 44. g5+ Ke7 45. Ka3 Re4
46. Ra7 Re5 47. Kxa4 Rxg5 48. b4 Rg1 49. Rb7 Rg6 50. b5 h5 51. b6 h4 52. Kb5
Rg5+ 53. Ka6 Rg3 54. Ra7 h3 55. b7 Rgg8 56. b8=Q 1-0

[Event "New Zealand Rapid Championship"]
[Site "Palmerston North"]
[Date "2024.01.11"]
[Round "4.10"]
[White "Fruebing, Stefan"]
[Black "Paulsen, Jens"]
[Result "1-0"]
[WhiteElo "2410"]
[BlackElo "1669"]

1. e4 c5 2. Nf3 Nc6 3. Bb5 Qc7 4. O-O e6 5. Re1 Nge7 6. c3 a6 7. Bf1 d5 8. exd5
Nxd5 9. d4 cxd4 10. cxd4 Bd6 11. Nc3 O-O 12. Ne4 Bb4 13. Bd2 Bxd2 14. Qxd2 Qe7
15. a3 b6 16. Rac1 Bb7 17. Ne5 Rac8 18. Nxc6 Rxc6 19. Rxc6 Bxc6 20. Bxa6 Qh4
21. g3 Qh5 22. Bf1 Rd8 23. Bg2 Ba8 24. Rc1 f6 25. Nc3 Qg4 26. Qe2 Qf5 27. Nd1
g5 28. h3 Qg6 1-0

[Event "New Zealand Rapid Championship"]
[Site "Palmerston North"]
[Date "2024.01.12"]
[Round "5.1"]
[White "Jones, Gawain C B"]
[Black "Ker, Anthony F"]
[Result "1-0"]
[WhiteElo "2630"]
[BlackElo "2250"]

1. e4 c5 2. Nf3 g6 3. c3 Bg7 4. d4 cxd4 5. cxd4 d5 6. e5 Bg4 7. Bb5+ Nc6 8.
Bxc6+ bxc6 9. O-O Qb6 10. Nbd2 e6 11. h3 Bf5 12. Nb3 h5 13. Re1 Ne7 14. Bg5 Rc8
15. Nh4 Qb5 16. Nc5 Qxb2 17. Re2 Qa3 18. Re3 Qa5 19. Rb3 Rc7 20. Bd2 1-0

[Event "New Zealand Rapid Championship"]
[Site "Palmerston North"]
[Date "2024.01.12"]
[Round "5.2"]
[White "Dive, Russell J"]
[Black "Zhang, Kendrick Botong"]
[Result "1-0"]
[WhiteElo "2236"]
[BlackElo "1808"]

1. Nf3 Nf6 2. c4 e6 3. g3 b6 4. Bg2 Bb7 5. O-O c5 6. Nc3 d5 7. cxd5 Nxd5 8. d4
Nxc3 9. bxc3 Nd7 10. Re1 cxd4 11. cxd4 Bb4 12. Bd2 Bxd2 13. Qxd2 Nf6 14. Qb4
Nd5 15. Qa4+ Qd7 16. Qb3 O-O 17. Ne5 Qe7 18. e4 Nf6 19. Rad1 Rfd8 20. d5 exd5
21. exd5 Qd6 22. Nc6 Rd7 23. a4 Ba6 24. h3 Rc7 25. Qa2 Nd7 26. Ne7+ Kf8 27. Nf5
Qc5 28. d6 Rb7 29. Qd5 Qc3 30. Re7 Qf6 31. Rxd7 Rab8 32. Rxb7 Bxb7 33. Qd3 Bxg2
34. Kxg2 g6 35. Ne7 Rd8 36. Nc6 Rd7 37. Qd5 a6 38. Ne5 Rd8 39. d7 b5 40. Nc6
Rxd7 41. Qxd7 bxa4 42. Qd8+ Qxd8 43. Rxd8+ 1-0

[Event "New Zealand Rapid Championship"]
[Site "Palmerston North"]
[Date "2024.01.12"]
[Round "5.3"]
[White "Hart, Ralph"]
[Black "Loke, Kayden"]
[Result "0-1"]
[WhiteElo "2154"]
[BlackElo "1729"]

1. e4 e5 2. Nf3 Nc6 3. Bc4 Nf6 4. d3 Bc5 5. c3 d6 6. O-O Bb6 7. Bb3 O-O 8. Nbd2
Ne7 9. h3 Ng6 10. Nc4 h6 11. Nxb6 axb6 12. Re1 Be6 13. Bxe6 fxe6 14. Qb3 Qe7
15. d4 Nd7 16. dxe5 Ndxe5 17. Nxe5 Nxe5 18. f4 Nd3 19. Rf1 Nc5 20. Qc2 d5 21.
exd5 exd5 22. Bd2 Ne4 23. Be3 c5 24. Rae1 Rae8 25. Qb3 Qe6 26. Bc1 Kh8 27. Re2
Rf7 28. Rfe1 Rfe7 29. Qc2 b5 30. b3 Qf6 31. c4 b4 32. cxd5 Nc3 33. Rxe7 Rxe7
34. Rxe7 Qxe7 35. Qd2 Ne2+ 36. Kh2 Nxc1 37. Qxc1 Qd6 38. Qd2 b5 39. g3 c4 40.
bxc4 bxc4 41. Kg2 c3 42. Qd3 Kg8 43. Kf3 Qc5 44. Ke2 c2 45. Kf3 Qc6 0-1

[Event "New Zealand Rapid Championship"]
[Site "Palmerston North"]
[Date "2024.01.12"]
[Round "5.4"]
[White "Winsley, Nicholas"]
[Black "Croad, Nicolas"]
[Result "1-0"]
[WhiteElo "1899"]
[BlackElo "2187"]

1. e4 e5 2. Nc3 Nc6 3. Nf3 Nf6 4. Bb5 Bb4 5. O-O O-O 6. d3 d6 7. Bg5 Bxc3 8.
bxc3 h6 9. Bh4 a6 10. Bc4 Be6 11. Bb3 Bxb3 12. axb3 Qe7 13. c4 Qe6 14. Qd2 Nh7
15. b4 f5 16. exf5 Rxf5 17. b5 Na7 18. bxa6 b6 19. Rfe1 Qc8 20. d4 Nc6 21. dxe5
Nxe5 22. Nxe5 dxe5 23. Qd5+ Rf7 24. Rxe5 g5 25. Bg3 Rxa6 26. Rxa6 Qxa6 27. Re8+
Nf8 28. Rxf8+ Kxf8 29. Qd8+ Kg7 30. Be5+ Kg6 31. Qg8+ Kf5 32. Qxf7+ Kxe5 33.
Qxc7+ Kd4 34. Qd6+ Kc3 35. Qd3+ Kb4 36. Qb3+ Kc5 37. Qe3+ Kb4 38. g3 Qa1+ 39.
Kg2 Qa8+ 40. Qf3 Qe8 41. Qb3+ Kc5 42. Qb5+ Qxb5 43. cxb5 Kxb5 44. f4 g4 45. Kf2
Kc4 46. Ke2 Kd4 47. Kd2 b5 48. c3+ Kc4 49. Kc2 h5 50. Kd2 Kc5 51. Kd3 Kd5 52.
Ke3 Kc4 53. f5 Kd5 54. Kf4 Kd6 55. Kg5 Ke5 56. f6 Ke6 57. Kg6 1-0

[Event "New Zealand Rapid Championship"]
[Site "Palmerston North"]
[Date "2024.01.12"]
[Round "5.5"]
[White "Malcolm, Leo"]
[Black "Fruebing, Stefan"]
[Result "0-1"]
[WhiteElo "1659"]
[BlackElo "2410"]

1. e4 e5 2. Nf3 Nc6 3. Nc3 Nf6 4. d4 exd4 5. Nxd4 Bb4 6. Nxc6 bxc6 7. Bd3 d5 8.
O-O O-O 9. Bd2 Re8 10. Qf3 Bxc3 11. Bxc3 Nxe4 12. Bxe4 Rxe4 13. Rad1 Qh4 14.
Rfe1 Bg4 15. Rxe4 Bxf3 16. Rxh4 Bxd1 17. Rb4 Bxc2 18. Rb7 Bb1 19. Rxc7 Bxa2 20.
Rxc6 h6 21. Rd6 a5 22. f3 a4 23. Bb4 Re8 24. Bc3 Bc4 25. Rd7 Re2 26. Ra7 Bb3
27. h3 Re6 28. Rb7 Rc6 29. Rb4 Bc2 30. Bd4 Bb3 31. Bc3 Kh7 32. Kf2 Re6 33. Rb7
Kg6 34. Bd4 Bc4 35. Rb6 Bb3 36. Rxe6+ fxe6 37. f4 Kf7 38. h4 Bc2 39. Be5 g5 40.
hxg5 hxg5 41. fxg5 Kg6 42. Ke3 Kxg5 43. g3 Kg4 44. Bd6 Bf5 45. Be5 Kh3 46. Kf2
Kg4 47. Ke3 Kg5 48. Kd4 Bg4 49. Ke3 Kf5 50. Kd4 Bd1 51. Bf4 Kg4 52. Be5 Kf3 53.
Bf4 Bc2 54. Be5 Bf5 55. Bf4 Ke2 56. Be5 Kd2 57. Kc5 Kd3 58. Bd4 Ke4 59. Bf2 e5
60. Kb4 Bd7 61. Kc3 d4+ 62. Kd2 0-1

[Event "New Zealand Rapid Championship"]
[Site "Palmerston North"]
[Date "2024.01.12"]
[Round "5.6"]
[White "Charles, Dion"]
[Black "Steadman, Michael V R"]
[Result "1/2-1/2"]
[WhiteElo "1710"]
[BlackElo "2045"]

1. d4 g6 2. g3 Bg7 3. Bg2 d6 4. c4 Nd7 5. e4 e5 6. Nf3 Ngf6 7. Nc3 O-O 8. O-O
a5 9. Bd2 exd4 10. Nxd4 Ne5 11. b3 Bd7 12. Qc2 a4 13. Ndb5 axb3 14. axb3 Rxa1
15. Rxa1 Bg4 16. Ra7 Qb8 17. Ra1 Re8 18. h3 Bf3 19. Re1 Nfd7 20. Re3 Bxg2 21.
Kxg2 c6 22. Na3 Nf8 23. Ne2 Ne6 24. Nb1 Qa7 25. Nf4 Nd4 26. Qd1 Qb6 27. Ne2 Nd7
28. Bc3 Nxe2 29. Rxe2 Nc5 30. Bxg7 Kxg7 31. Nd2 Qb4 32. Qc2 f5 33. Kf1 fxe4 34.
Nxe4 Qxb3 35. Nxd6 Rxe2 36. Qxe2 Kf6 37. Ne8+ Kf7 38. Nd6+ Kf6 39. Ne8+ 1/2-1/2

[Event "New Zealand Rapid Championship"]
[Site "Palmerston North"]
[Date "2024.01.12"]
[Round "5.7"]
[White "Fulo, Nunilon III"]
[Black "Liu, William Rui"]
[Result "0-1"]
[WhiteElo "1992"]
[BlackElo "1910"]

1. e4 c5 2. Nf3 Nc6 3. d4 cxd4 4. Nxd4 e5 5. Nb5 d6 6. N1c3 a6 7. Na3 Be7 8.
Be3 Nf6 9. Nd5 Nxd5 10. exd5 Nd4 11. Bd3 O-O 12. c3 Nf5 13. Bd2 Bg5 14. O-O
Bxd2 15. Qxd2 Ne7 16. f4 f6 17. Kh1 b5 18. fxe5 fxe5 19. Rxf8+ Qxf8 20. Rf1 Qe8
21. c4 Bd7 22. Qf2 Ng6 23. Qc2 Rc8 24. Bxg6 hxg6 25. Qe2 b4 26. Nc2 a5 27. b3
Qe7 28. Qe3 Rf8 29. Rxf8+ Qxf8 30. Kg1 Qf5 31. Qe2 Qf4 32. Qe3 g5 33. g3 Qf5
34. Ne1 Kf7 35. Nd3 Qg4 36. c5 Qd1+ 37. Kg2 Qc2+ 38. Kg1 Bb5 39. Nf2 Qb1+ 40.
Kg2 Bf1+ 41. Kf3 Qf5+ 0-1

[Event "New Zealand Rapid Championship"]
[Site "Palmerston North"]
[Date "2024.01.12"]
[Round "5.8"]
[White "Sole, Michael D"]
[Black "Zhu, David Junyang"]
[Result "0-1"]
[WhiteElo "1908"]
[BlackElo "1602"]

1. d4 Nf6 2. c4 e6 3. Nf3 d5 4. g3 Be7 5. Bg2 O-O 6. Nc3 c6 7. O-O b6 8. Ne5
Nfd7 9. Nxd7 Nxd7 10. e4 dxe4 11. Bxe4 Bb7 12. Bf4 Nf6 13. Bg2 Rc8 14. Qd3 Bd6
15. Bg5 h6 16. Bxf6 Qxf6 17. Ne4 Qe7 18. Rac1 Rfd8 19. Rfd1 e5 20. d5 cxd5 21.
cxd5 Rxc1 22. Rxc1 Rc8 23. Rxc8+ Bxc8 24. Qc4 Bf5 25. Nxd6 Qxd6 26. h4 Kf8 27.
Qc6 Qxc6 28. dxc6 Ke7 29. Bd5 Be6 30. Bf3 Bxa2 31. b4 Kd6 32. Bg2 Bc4 33. f4 f6
34. fxe5+ fxe5 35. Kf2 Bb5 36. Ke3 Bxc6 37. Bf1 a5 38. bxa5 bxa5 39. Kd2 e4 40.
Ke3 Ke5 41. Bc4 Kf5 42. Be2 a4 43. Kd4 a3 0-1

[Event "New Zealand Rapid Championship"]
[Site "Palmerston North"]
[Date "2024.01.12"]
[Round "5.9"]
[White "McDougall, Euan"]
[Black "Archer, Ollie"]
[Result "1/2-1/2"]
[WhiteElo "1685"]
[BlackElo "1926"]

1. e4 c6 2. Nc3 d5 3. Nf3 Bg4 4. h3 Bxf3 5. Qxf3 e6 6. Bd3 Nf6 7. O-O d4 8. Ne2
e5 9. Ng3 g6 10. Bc4 b5 11. Bb3 Nbd7 12. a4 a6 13. axb5 axb5 14. Rxa8 Qxa8 15.
c3 c5 16. d3 Bg7 17. Qd1 O-O 18. cxd4 exd4 19. f4 Qc6 20. e5 Nd5 21. Qf3 N7b6
22. Kh2 c4 23. dxc4 bxc4 24. Bd1 Nb4 25. Ne4 Kh8 26. g3 Nd3 27. Be2 Nxc1 28.
Rxc1 Qd5 29. Nd6 Qxf3 30. Bxf3 d3 31. Nxc4 Rc8 32. b3 Bf8 33. h4 Bb4 34. Rd1
Nxc4 35. bxc4 d2 36. Bd5 Kg7 37. Kg2 Rc5 38. Kf3 Ra5 39. Rb1 Bc3 40. Ke2 Ra3
41. g4 Ba5 42. g5 Kf8 43. Kd1 Re3 44. Kc2 Ra3 45. Rb8+ Ke7 46. Rb7+ Kd8 47. Rb1
Ke7 48. Rb7+ Kd8 49. Rb1 Ke7 50. Rb7+ 1/2-1/2

[Event "New Zealand Rapid Championship"]
[Site "Palmerston North"]
[Date "2024.01.12"]
[Round "5.10"]
[White "Gan, Emily Cathay"]
[Black "Lee, Miles"]
[Result "1/2-1/2"]
[WhiteElo "1521"]
[BlackElo "1938"]

1. c4 e5 2. Nc3 Bb4 3. Qc2 Nf6 4. a3 Bxc3 5. Qxc3 Nc6 6. d3 d5 7. Bg5 dxc4 8.
Qxc4 O-O 9. Nf3 h6 10. Bh4 Be6 11. Qc3 Qd6 12. Bxf6 gxf6 13. g3 a5 14. Bg2 a4
15. Nd2 Bd5 16. Ne4 Bxe4 17. Bxe4 Ra5 18. Rc1 Rb5 19. Qd2 Kg7 20. Rc4 Nd4 21.
e3 f5 22. exd4 fxe4 23. dxe4 exd4 24. Rxd4 Qb6 25. Rxa4 Rxb2 26. Qc3+ Kh7 27.
O-O Rd8 28. Qf3 Qe6 29. e5 Rb3 30. Qe4+ Qg6 31. Qe2 Rbd3 32. h3 R8d4 33. Rxd4
Rxd4 34. Rc1 c6 35. Qb2 Rd5 36. Qxb7 Rxe5 37. Rxc6 Re1+ 38. Kh2 Qf5 39. Qb2 Qf3
40. Qc2+ Kg7 41. Qc3+ Qxc3 42. Rxc3 Ra1 43. Kg2 Kf6 44. Kf3 Ra2 45. Ke3 Kg6 46.
h4 Rxf2 47. Rc6+ 1/2-1/2

[Event "New Zealand Rapid Championship"]
[Site "Palmerston North"]
[Date "2024.01.12"]
[Round "6.1"]
[White "Dive, Russell J"]
[Black "Jones, Gawain C B"]
[Result "0-1"]
[WhiteElo "2236"]
[BlackElo "2630"]

1. d4 d5 2. c4 e6 3. Nc3 a6 4. cxd5 exd5 5. Bf4 Nf6 6. e3 Bd6 7. Bg5 Be6 8. Bd3
Nbd7 9. Nge2 h6 10. Bh4 O-O 11. Rc1 Re8 12. O-O Bxh2+ 13. Kxh2 Ng4+ 14. Kg3 g5
15. Bxg5 Qxg5 16. f4 Qg7 17. Kf3 Ndf6 18. Qd2 Bd7 19. Rh1 Rxe3+ 20. Qxe3 Nxe3
21. Kxe3 c5 22. dxc5 d4+ 23. Kxd4 Rd8 24. Bb1 Bb5+ 25. Ke3 Qxg2 26. Rh4 Nd5+
27. Kd4 0-1

[Event "New Zealand Rapid Championship"]
[Site "Palmerston North"]
[Date "2024.01.12"]
[Round "6.2"]
[White "Croad, Nicolas"]
[Black "Hart, Ralph"]
[Result "1/2-1/2"]
[WhiteElo "2187"]
[BlackElo "2154"]

1. d4 Nf6 2. c4 e6 3. Nc3 Bb4 4. Qc2 c5 5. dxc5 Na6 6. a3 Bxc3+ 7. Qxc3 Nxc5 8.
b4 Na4 9. Qc2 b5 10. cxb5 Nb6 11. e3 Bb7 12. Nf3 Rc8 13. Qd1 O-O 14. Bb2 d6 15.
Be2 e5 16. O-O Nc4 17. Bxc4 Rxc4 18. Rc1 Rxc1 19. Qxc1 Qd7 20. Qc4 Rc8 21. Qe2
Qg4 22. h3 Qe4 23. Rc1 Rxc1+ 24. Bxc1 h6 25. Qd2 Qb1 26. Ne1 Ne4 27. Qb2 Qxb2
28. Bxb2 f6 29. f3 Nd2 30. Kf2 Kf7 31. Ke2 Nc4 32. Bc1 Ke6 33. Kd3 Nb6 34. e4
d5 35. Be3 d4 36. Bc1 Bc8 37. Kc2 Bd7 38. Nd3 Bxb5 39. Nc5+ Ke7 40. g3 g5 41.
h4 Be2 42. hxg5 hxg5 43. f4 exf4 44. gxf4 g4 45. Bb2 Nc4 46. Bxd4 Nxa3+ 47. Kd2
Bf3 48. Ke3 Nc4+ 49. Kf2 Nd6 50. Kg3 Nxe4+ 1/2-1/2

[Event "New Zealand Rapid Championship"]
[Site "Palmerston North"]
[Date "2024.01.12"]
[Round "6.3"]
[White "Fruebing, Stefan"]
[Black "Zhu, David Junyang"]
[Result "1/2-1/2"]
[WhiteElo "2410"]
[BlackElo "1602"]

1. e4 e5 2. Nf3 Nc6 3. Bc4 Bc5 4. d3 Nf6 5. c3 d6 6. O-O a6 7. Bb3 h6 8. Re1
O-O 9. h3 Be6 10. Nbd2 Bxb3 11. Qxb3 b5 12. Qc2 Re8 13. b4 Bb6 14. a4 bxa4 15.
Rxa4 a5 16. b5 Ne7 17. Nc4 Ng6 18. d4 Qd7 19. Qb1 exd4 20. cxd4 d5 21. Nce5
Nxe5 22. Nxe5 Rxe5 23. dxe5 Nxe4 24. Raxe4 dxe4 25. Qxe4 Re8 26. Qc4 Qf5 27.
Qe2 Bd4 28. Qd2 Rxe5 29. Rxe5 Qxe5 30. Qxa5 Bc3 31. Qa8+ Kh7 32. Be3 Qxb5 33.
Qe4+ f5 34. Qc2 Bf6 35. Qxc7 Qb1+ 36. Qc1 Qxc1+ 37. Bxc1 g5 38. Kf1 Kg6 39. Ke2
Kf7 40. Kd3 Ke6 41. Kc4 h5 42. f3 g4 43. f4 gxh3 44. gxh3 Bh4 45. Be3 Bg3 46.
Kd4 Bh2 47. Kc4 Bg3 48. Kd4 Bh2 49. Kc4 Bg3 50. Kd4 1/2-1/2

[Event "New Zealand Rapid Championship"]
[Site "Palmerston North"]
[Date "2024.01.12"]
[Round "6.4"]
[White "Liu, William Rui"]
[Black "Ker, Anthony F"]
[Result "1-0"]
[WhiteElo "1910"]
[BlackElo "2250"]

1. e4 c5 2. Nf3 g6 3. d4 cxd4 4. Nxd4 Nc6 5. c4 Nf6 6. Nc3 d6 7. Be2 Nxd4 8.
Qxd4 Bg7 9. Bg5 O-O 10. O-O Be6 11. Qd2 Qa5 12. f4 Rfc8 13. b3 b5 14. f5 Bd7
15. e5 dxe5 16. Bxf6 exf6 17. Qxd7 Qxc3 18. Kh1 Qc2 19. Bf3 Rd8 20. Qxb5 e4 21.
Rac1 Qd3 22. Rcd1 Qe3 23. Rde1 Qb6 24. Bxe4 Qxb5 25. cxb5 Rab8 26. Bc6 Rd2 27.
a4 Kf8 28. Rd1 Rbd8 29. Rxd2 Rxd2 30. Re1 Bh6 31. fxg6 fxg6 32. g3 Rd3 33. a5
Be3 34. b6 axb6 35. a6 b5 36. Rxe3 Rxe3 37. a7 Re1+ 38. Kg2 Ra1 39. a8=Q+ Rxa8
40. Bxa8 Ke7 41. Kf3 Kd6 42. Ke4 Kc5 43. Bd5 Kd6 44. Bg8 h6 45. Bf7 g5 46. Kf5
Ke7 47. Bd5 h5 48. h4 gxh4 49. gxh4 b4 50. Bf3 1-0